<?xml version="1.0" encoding="UTF-8"?><?xml-stylesheet type="text/xsl" href="static/style.xsl"?><OAI-PMH xmlns="http://www.openarchives.org/OAI/2.0/" xmlns:xsi="http://www.w3.org/2001/XMLSchema-instance" xsi:schemaLocation="http://www.openarchives.org/OAI/2.0/ http://www.openarchives.org/OAI/2.0/OAI-PMH.xsd"><responseDate>2026-04-13T01:48:44Z</responseDate><request verb="GetRecord" identifier="oai:www.recercat.cat:2072/488838" metadataPrefix="marc">https://recercat.cat/oai/request</request><GetRecord><record><header><identifier>oai:recercat.cat:2072/488838</identifier><datestamp>2025-11-09T13:02:35Z</datestamp><setSpec>com_2072_98</setSpec><setSpec>col_2072_378192</setSpec></header><metadata><record xmlns="http://www.loc.gov/MARC21/slim" xmlns:dcterms="http://purl.org/dc/terms/" xmlns:xsi="http://www.w3.org/2001/XMLSchema-instance" xmlns:doc="http://www.lyncode.com/xoai" xsi:schemaLocation="http://www.loc.gov/MARC21/slim http://www.loc.gov/standards/marcxml/schema/MARC21slim.xsd">
   <leader>00925njm 22002777a 4500</leader>
   <datafield ind2=" " ind1=" " tag="042">
      <subfield code="a">dc</subfield>
   </datafield>
   <datafield ind2=" " ind1=" " tag="720">
      <subfield code="a">Mavredakis, Nikolaos</subfield>
      <subfield code="e">author</subfield>
   </datafield>
   <datafield ind2=" " ind1=" " tag="720">
      <subfield code="a">Jiménez Jiménez, David</subfield>
      <subfield code="e">author</subfield>
   </datafield>
   <datafield ind2=" " ind1=" " tag="260">
      <subfield code="c">2021</subfield>
   </datafield>
   <datafield ind2=" " ind1=" " tag="520">
      <subfield code="a">Altres ajuts: Reference of the GraphCAT project: 001-P-001702</subfield>
   </datafield>
   <datafield ind2=" " ind1=" " tag="520">
      <subfield code="a">The bias dependence of input-referred low-frequency noise (LFN), SVG, is a considerable facet for RF circuit design. SVG was considered constant in CMOS but this was contradicted by recent experimental and theoretical studies. In this brief, the behavior of SVG is investigated for single-layer graphene transistors (GFETs) based on a recently established physics-based compact model. A minimum of SVG is recorded at the bias point where transconductance is maximum which coincides with the peak of the well-known M-shape of the normalized output LFN; the model precisely captures this trend. Mobility fluctuation effect increases SVG toward lower currents near charge neutrality point (CNP), while carrier number fluctuation and series resistance effects mostly contribute away from CNP; thus, SVG obtains a parabolic shape versus gate voltage similar to CMOS devices.</subfield>
   </datafield>
   <datafield ind1="8" ind2=" " tag="024">
      <subfield code="a">http://hdl.handle.net/2072/488838</subfield>
   </datafield>
   <datafield tag="653" ind2=" " ind1=" ">
      <subfield code="a">Circuit design</subfield>
   </datafield>
   <datafield tag="653" ind2=" " ind1=" ">
      <subfield code="a">Compact model</subfield>
   </datafield>
   <datafield tag="653" ind2=" " ind1=" ">
      <subfield code="a">Graphene transistor (GFET)</subfield>
   </datafield>
   <datafield tag="653" ind2=" " ind1=" ">
      <subfield code="a">Input-referred low-frequency noise (LFN)</subfield>
   </datafield>
   <datafield ind2="0" ind1="0" tag="245">
      <subfield code="a">Input-Referred Low-Frequency Noise Analysis for Single-Layer Graphene FETs</subfield>
   </datafield>
</record></metadata></record></GetRecord></OAI-PMH>